000 00916nam a2200229 4500
001 112456
003 ES-MaACL
005 20230906185532.0
007 t|
008 061121s1983 sp r ||||1| spa d
020 _a84-7088-347-X
100 1 _aMuñoz Machado, Santiago.
_984450
245 1 3 _aLa libertad de ejercicio de la profesión y el problema de las atribuciones de los técnicos titulados /
_cSantiago Muñoz Machado, Luciano Parejo Alfonso, Eloy Ruiloba Santana.
260 _aMadrid :
_bInstituto de Estudios de Administración Local,
_c1983.
300 _a479 p. ;
_c21 cm.
650 4 _aIngenieros-
_xEstatuto jurídico-
_zEspaña.
_9172553
650 4 _aArquitectos-
_xEstatuto jurídico-
_zEspaña.
_9172554
700 1 _aParejo Alfonso, Luciano.
_989071
700 1 _aRuiloba Santana, Eloy.
_9100579
710 2 _aInsituto de Estudios de Administración Local.
_94703
852 _aES-MaACL
_jL-5679
999 _c112456
_d112456